<?xml version="1.0" encoding="UTF-8"?>
<collection xmlns="http://www.loc.gov/MARC21/slim">
 <record>
  <leader>01316nam a22002057a 4500</leader>
  <controlfield tag="001">NCT_89952</controlfield>
  <controlfield tag="008">210511b        xxu||||| |||| 00| 0 vie d</controlfield>
  <datafield tag="999" ind1=" " ind2=" ">
   <subfield code="c">4437</subfield>
   <subfield code="d">4437</subfield>
  </datafield>
  <datafield tag="020" ind1=" " ind2=" ">
   <subfield code="a">9786045754238</subfield>
   <subfield code="c">25000</subfield>
  </datafield>
  <datafield tag="082" ind1="0" ind2="4">
   <subfield code="2">23rd ed.</subfield>
   <subfield code="a">324.259</subfield>
   <subfield code="b">L120</subfield>
  </datafield>
  <datafield tag="100" ind1="1" ind2=" ">
   <subfield code="a">Tô Lâm</subfield>
  </datafield>
  <datafield tag="245" ind1="1" ind2="0">
   <subfield code="a">130 câu nói của Chủ tịch Hồ Chí Minh về xây dựng Đảng Cộng sản Việt Nam</subfield>
   <subfield code="c">Tô Lâm</subfield>
  </datafield>
  <datafield tag="260" ind1=" " ind2=" ">
   <subfield code="a">H.</subfield>
   <subfield code="b">Chính trị Quốc gia sự thật</subfield>
   <subfield code="c">2020</subfield>
  </datafield>
  <datafield tag="300" ind1=" " ind2=" ">
   <subfield code="a">75 tr.</subfield>
   <subfield code="c">15cm</subfield>
  </datafield>
  <datafield tag="520" ind1="3" ind2=" ">
   <subfield code="a">Tập hợp 130 câu nói của Chủ tích Hồ Chí Minh về vai trò, mục đích, phương châm và lực lượng làm công tác xây dựng Đảng. Nội dung của công tác xây dựng Đảng về tư tưởng, lý luận; chính trị; tổ chức, bộ máy; cán bộ, Đảng viên và đạo đức.</subfield>
  </datafield>
  <datafield tag="653" ind1=" " ind2=" ">
   <subfield code="a">Kinh tế chính trị</subfield>
  </datafield>
  <datafield tag="942" ind1=" " ind2=" ">
   <subfield code="2">ddc</subfield>
   <subfield code="c">BK</subfield>
  </datafield>
  <datafield tag="952" ind1=" " ind2=" ">
   <subfield code="0">0</subfield>
   <subfield code="1">0</subfield>
   <subfield code="2">ddc</subfield>
   <subfield code="4">0</subfield>
   <subfield code="6">324_259000000000000_L120</subfield>
   <subfield code="7">0</subfield>
   <subfield code="9">21276</subfield>
   <subfield code="a">000001</subfield>
   <subfield code="b">000001</subfield>
   <subfield code="d">2021-05-11</subfield>
   <subfield code="o">324.259 L120</subfield>
   <subfield code="p">MD.18486</subfield>
   <subfield code="r">2021-05-11</subfield>
   <subfield code="v">25000.00</subfield>
   <subfield code="w">2021-05-11</subfield>
   <subfield code="y">BK</subfield>
  </datafield>
  <datafield tag="952" ind1=" " ind2=" ">
   <subfield code="0">0</subfield>
   <subfield code="1">0</subfield>
   <subfield code="2">ddc</subfield>
   <subfield code="4">0</subfield>
   <subfield code="6">324_259000000000000_L120</subfield>
   <subfield code="7">0</subfield>
   <subfield code="9">21277</subfield>
   <subfield code="a">000001</subfield>
   <subfield code="b">000001</subfield>
   <subfield code="d">2021-05-11</subfield>
   <subfield code="o">324.259 L120</subfield>
   <subfield code="p">MD.18487</subfield>
   <subfield code="r">2021-05-11</subfield>
   <subfield code="v">25000.00</subfield>
   <subfield code="w">2021-05-11</subfield>
   <subfield code="y">BK</subfield>
  </datafield>
  <datafield tag="980" ind1=" " ind2=" ">
   <subfield code="a">Thư viện Trường Đại học Nam Cần Thơ</subfield>
  </datafield>
 </record>
</collection>
